[Event "2nd League CS-East 2009"]
[Site "Golubac"]
[Date "2009.10.10"]
[Round "10.1"]
[White "Djukic, Zeljko"]
[Black "Nikolic, Stanimir"]
[Result "1-0"]
[WhiteElo "2378"]
[BlackElo "2292"]
[PlyCount "73"]
[EventDate "2009.09.06"]

1. d4 d5 2. c4 e6 3. Nc3 Nf6 4. Bg5 c6 5. e3 Be7 6. Nf3 Nbd7 7. Bd3 O-O 8. O-O
Re8 9. h3 Qa5 10. cxd5 exd5 11. Qc2 Qd8 12. Rab1 h6 13. Bf4 a5 14. Nb5 Rf8 15.
Bc7 Qe8 16. Nd6 Bxd6 17. Bxd6 Ne4 18. Bxf8 Kxf8 19. Bxe4 dxe4 20. Nd2 f5 21. f3
exf3 22. Rxf3 g6 23. e4 Nf6 24. exf5 Bxf5 25. Qc5+ Kg7 26. Rbf1 Nd5 27. Nc4 Be6
28. Re1 Qg8 29. Nb6 Re8 30. Nxd5 Bxd5 31. Rfe3 Rxe3 32. Rxe3 h5 33. Re7+ Bf7
34. Qe5+ Kh6 35. Qf6 Bd5 36. Qf4+ g5 37. Qf6+ 1-0

[Event "2nd League CS-East 2009"]
[Site "Golubac"]
[Date "2009.10.10"]
[Round "10.1"]
[White "Peric, Slavisa"]
[Black "Mitrovic, Darko R"]
[Result "0-1"]
[WhiteElo "2280"]
[BlackElo "2343"]
[PlyCount "108"]
[EventDate "2009.09.06"]

1. d4 Nf6 2. Nf3 e6 3. e3 b6 4. Bd3 Bb7 5. O-O c5 6. c4 d6 7. Nc3 Be7 8. d5 O-O
9. e4 e5 10. Ne1 Nbd7 11. Nc2 Ne8 12. Ne3 Bg5 13. g3 Bc8 14. Be2 Kh8 15. f4
exf4 16. gxf4 Bf6 17. Qd3 Bd4 18. Kh1 Bxe3 19. Bxe3 f5 20. exf5 Ndf6 21. Bf3
Ng8 22. Ne2 Bxf5 23. Qc3 Nh6 24. Ng3 Nf6 25. Nxf5 Nxf5 26. Bf2 Qd7 27. Rae1
Rae8 28. Rxe8 Rxe8 29. Re1 Qf7 30. Rxe8+ Qxe8 31. Qe1 Qxe1+ 32. Bxe1 Kg8 33.
Kg1 Kf7 34. Be2 Nd4 35. Bd1 Kg6 36. Kf2 Kf5 37. Ke3 Ng4+ 38. Bxg4+ Kxg4 39. Ke4
g6 40. b4 Kh3 41. b5 Kxh2 42. a4 h5 43. Bh4 Nf5 44. Bd8 Kg3 45. Bxb6 axb6 46.
a5 h4 47. axb6 h3 48. b7 h2 49. b8=Q h1=Q+ 50. Kd3 Qd1+ 51. Kc3 Qd4+ 52. Kb3
Qd3+ 53. Ka4 Qxc4+ 54. Ka5 Nd4 0-1

[Event "2nd League CS-East 2009"]
[Site "Golubac"]
[Date "2009.10.10"]
[Round "10.1"]
[White "Djokic, Vladan"]
[Black "Tosic, Nebojsa"]
[Result "1/2-1/2"]
[WhiteElo "2263"]
[BlackElo "2194"]
[PlyCount "50"]
[EventDate "2009.09.06"]

1. e4 c5 2. Nf3 e6 3. d4 cxd4 4. Nxd4 Nf6 5. Bd3 d6 6. O-O a6 7. Qe2 Be7 8. c4
Nc6 9. Nxc6 bxc6 10. Nc3 O-O 11. f4 Nd7 12. Rf3 e5 13. f5 Bg5 14. Bxg5 Qxg5 15.
Rg3 Qe7 16. Qg4 f6 17. Rh3 Rd8 18. c5 Nf8 19. cxd6 Rxd6 20. Bc4+ Kh8 21. Bb3
Bd7 22. Qe2 Rd4 23. Rd1 Qc5 24. Kh1 Rd8 25. Rhd3 Be8 1/2-1/2

[Event "2nd League CS-East 2009"]
[Site "Golubac"]
[Date "2009.10.10"]
[Round "10.1"]
[White "Rajkovic, Aleksandar"]
[Black "Kostic, Nebojsa"]
[Result "1/2-1/2"]
[WhiteElo "2144"]
[BlackElo "2327"]
[PlyCount "120"]
[EventDate "2009.09.06"]

1. Nf3 c6 2. c4 d6 3. Nc3 Bg4 4. e3 e5 5. Be2 Nd7 6. b3 Ngf6 7. d3 Be7 8. O-O
O-O 9. Bb2 Re8 10. Ne4 Nxe4 11. dxe4 a5 12. Nd2 Bxe2 13. Qxe2 Qb6 14. a4 Nc5
15. Ba3 Na6 16. Rfd1 Bf8 17. Rab1 Rad8 18. Nf1 g6 19. Rd3 Re6 20. Rbd1 Rd7 21.
Qc2 Nc5 22. Bxc5 Qxc5 23. Nd2 f6 24. Qc3 Rf7 25. Nf3 Be7 26. Ne1 f5 27. exf5
gxf5 28. R3d2 e4 29. g3 Bf6 30. Qc2 Be5 31. Ng2 h5 32. h4 Rg7 33. Kh1 Rg4 34.
Re2 Kf7 35. Qd2 Ke7 36. Kh2 Kd7 37. Nf4 Rh6 38. Kh3 Kc7 39. Rb1 Rg8 40. Ree1 d5
41. cxd5 Bxf4 42. exf4 Rd6 43. b4 Rxd5 44. Qe2 axb4 45. Rec1 Qb6 46. Rc4 Qa6
47. Qc2 b3 48. Qxb3 Rb8 49. Qc3 Qa5 50. Rcb4 Qc5 51. Qg7+ Rd7 52. Rxb7+ Rxb7
53. Rxb7+ Kxb7 54. Qxd7+ Kb6 55. Qd8+ Ka6 56. Qa8+ Kb6 57. Qb8+ Ka6 58. Kg2 e3
59. fxe3 Qc2+ 60. Kh3 Qe4 1/2-1/2

[Event "2nd League CS-East 2009"]
[Site "Golubac"]
[Date "2009.10.10"]
[Round "10.1"]
[White "Terzic, Goran"]
[Black "Mickovic, Slavisa"]
[Result "1/2-1/2"]
[WhiteElo "2292"]
[BlackElo "2101"]
[PlyCount "49"]
[EventDate "2009.09.06"]

1. e4 c6 2. d4 d5 3. e5 Bf5 4. Ne2 e6 5. Nf4 h6 6. Bd3 Bxd3 7. Nxd3 Ne7 8. O-O
Nd7 9. Be3 Nf5 10. Nd2 Be7 11. b3 c5 12. c3 cxd4 13. cxd4 Rc8 14. g4 Nxe3 15.
fxe3 O-O 16. Rc1 Bg5 17. Qe2 Rxc1 18. Rxc1 f6 19. Nf3 fxe5 20. dxe5 Qb6 21. Nd4
Qa6 22. Kg2 Qb6 23. a4 a5 24. Qe1 Re8 25. h4 1/2-1/2

[Event "2nd League CS-East 2009"]
[Site "Golubac"]
[Date "2009.10.10"]
[Round "10.2"]
[White "Markovic, Marko"]
[Black "Trailovic, Mile"]
[Result "1-0"]
[WhiteElo "2312"]
[BlackElo "2154"]
[PlyCount "89"]
[EventDate "2009.09.06"]

1. e4 d6 2. d4 Nf6 3. Nc3 a6 4. Bg5 h6 5. Bh4 g6 6. e5 Nh7 7. Bc4 Bg7 8. Qe2
dxe5 9. dxe5 c6 10. Rd1 Qa5 11. f4 Qc7 12. Nf3 O-O 13. O-O Re8 14. Kh1 Nf8 15.
h3 b5 16. Bb3 Ne6 17. Bg3 Nd7 18. Bxe6 fxe6 19. Qe4 Nf8 20. Bf2 Bb7 21. Bc5 a5
22. Nh4 Kf7 23. Rf3 Red8 24. Re1 Rd5 25. Nxd5 cxd5 26. Qd4 Ra6 27. c3 b4 28. a3
b3 29. a4 Rc6 30. Ba3 Rc4 31. Qd3 Re4 32. Qd2 Rxa4 33. Qf2 Kg8 34. Qg3 Kh7 35.
Rd3 Re4 36. Nf3 g5 37. fxg5 Ng6 38. Rde3 h5 39. Nd4 Bxe5 40. Qf3 Kg8 41. Nxe6
Qc8 42. Rxe4 dxe4 43. Qf5 Qe8 44. Rd1 Bc8 45. Rd8 1-0

[Event "2nd League CS-East 2009"]
[Site "Golubac"]
[Date "2009.10.10"]
[Round "10.2"]
[White "Dodic, Dragan"]
[Black "Jovic, Stanoje"]
[Result "1/2-1/2"]
[WhiteElo "2147"]
[BlackElo "2294"]
[PlyCount "25"]
[EventDate "2009.09.06"]

1. d4 Nf6 2. c4 d6 3. Nc3 Bf5 4. f3 e5 5. dxe5 dxe5 6. Qxd8+ Kxd8 7. e4 Be6 8.
Be3 c6 9. a3 Kc7 10. Rc1 Nbd7 11. Nd5+ Kb8 12. Nxf6 Nxf6 13. c5 1/2-1/2

[Event "2nd League CS-East 2009"]
[Site "Golubac"]
[Date "2009.10.10"]
[Round "10.2"]
[White "Kajganovic, Miodrag"]
[Black "Dragic, Vladimir"]
[Result "1-0"]
[WhiteElo "2283"]
[BlackElo "2205"]
[PlyCount "77"]
[EventDate "2009.09.06"]

1. e4 d6 2. d4 Nf6 3. Nc3 c6 4. f3 b5 5. Be3 b4 6. Nce2 Nbd7 7. Qd2 a5 8. c3
Rb8 9. g4 Nb6 10. Ng3 e6 11. c4 Be7 12. Bd3 O-O 13. N1e2 Nfd7 14. O-O d5 15. b3
c5 16. cxd5 exd5 17. Nf5 c4 18. Bc2 g6 19. Nxe7+ Qxe7 20. Bg5 f6 21. Bf4 Ra8
22. Ng3 Bb7 23. Rfe1 c3 24. Qf2 Qf7 25. a3 a4 26. bxa4 dxe4 27. axb4 exf3 28.
a5 Nd5 29. Bd6 Rfe8 30. Bb3 Re6 31. Ne4 f5 32. Ng5 Rxe1+ 33. Qxe1 Qf6 34. Qe6+
Kh8 35. Qxf6+ N7xf6 36. gxf5 Ng4 37. Nxf3 Nxb4 38. Ne5 Nc6 39. Nxg4 1-0

[Event "2nd League CS-East 2009"]
[Site "Golubac"]
[Date "2009.10.10"]
[Round "10.2"]
[White "Floricelovic, Milos"]
[Black "Krstic, Ranko"]
[Result "0-1"]
[WhiteElo "2104"]
[BlackElo "2169"]
[PlyCount "62"]
[EventDate "2009.09.06"]

1. e4 c5 2. Nf3 Nf6 3. Nc3 Nc6 4. d4 d5 5. e5 Ne4 6. Bb5 Nxc3 7. Bxc6+ bxc6 8.
bxc3 e6 9. O-O Be7 10. Ba3 cxd4 11. Bxe7 Qxe7 12. cxd4 O-O 13. Nd2 c5 14. c3
Ba6 15. Re1 Bd3 16. Nb3 c4 17. Nc5 Bg6 18. Qa4 Rfb8 19. Re2 a6 20. Qa3 Qa7 21.
h3 h6 22. Na4 Rb5 23. Rb2 Rab8 24. Rd1 R8b7 25. Rdd2 Ra5 26. Rb4 Rbb5 27. Rdb2
Kh7 28. Kh2 Qa8 29. f4 Qe8 30. g4 Rxb4 31. f5 Rxb2+ 0-1

[Event "2nd League CS-East 2009"]
[Site "Golubac"]
[Date "2009.10.10"]
[Round "10.3"]
[White "Milovanovic, Srboljub"]
[Black "Raicevic, Ivica"]
[Result "1/2-1/2"]
[WhiteElo "2226"]
[BlackElo "2315"]
[PlyCount "83"]
[EventDate "2009.09.06"]

1. d4 e6 2. Nf3 c5 3. c3 Nc6 4. g3 Nf6 5. Bg2 d5 6. O-O Be7 7. Bg5 Qb6 8. b3
cxd4 9. cxd4 h6 10. Bc1 Bd7 11. Bb2 O-O 12. Nbd2 Rfc8 13. Rc1 a5 14. a3 a4 15.
b4 Na7 16. Re1 Bb5 17. Ne5 Rxc1 18. Qxc1 Rc8 19. Qb1 Nc6 20. Nxc6 Qxc6 21. Rc1
Qd7 22. Rxc8+ Qxc8 23. e3 Ne8 24. Qc1 Qxc1+ 25. Bxc1 f5 26. Bf3 Bd3 27. Bd1 b5
28. Nf3 Nd6 29. Ne5 Bc4 30. h4 Ne4 31. Bh5 Bf6 32. Bf7+ Kf8 33. Bxe6 Bxe5 34.
dxe5 g6 35. h5 Ng5 36. Bc8 Nf3+ 37. Kg2 Ne1+ 38. Kg1 Nf3+ 39. Kh1 gxh5 40. Bxf5
Nxe5 41. Kg2 Bd3 42. Bb2 1/2-1/2

[Event "2nd League CS-East 2009"]
[Site "Golubac"]
[Date "2009.10.10"]
[Round "10.3"]
[White "Dmitrovic, Tomislav"]
[Black "Petrovic, Dragan R"]
[Result "1-0"]
[WhiteElo "2279"]
[BlackElo "2215"]
[PlyCount "84"]
[EventDate "2009.09.06"]

1. Nf3 Nf6 2. g3 e6 3. Bg2 d5 4. O-O Be7 5. d3 O-O 6. Nbd2 c5 7. e4 Nc6 8. Re1
dxe4 9. dxe4 b6 10. e5 Nd5 11. a3 Bb7 12. Ne4 h6 13. h4 b5 14. b3 b4 15. axb4
cxb4 16. Bb2 a5 17. Nh2 Qc7 18. Qh5 Rfd8 19. Ng4 Bf8 20. Nef6+ Kh8 21. Nxh6
gxh6 22. Bc1 Nxe5 23. Bxd5 Bxd5 24. Rxe5 Bf3 25. Qxf3 Qxe5 26. Rb1 Qe1+ 27. Kh2
Qc3 28. Qe4 Qxf6 29. Bb2 Bg7 30. Bxf6 Bxf6 31. Qf3 Bg7 32. Rd1 Kg8 33. Kg2 Rac8
34. Qh5 Rxd1 35. Qxd1 Rc5 36. Qd8+ Kh7 37. g4 Rd5 38. Qe8 Rd2 39. Qxf7 a4 40.
bxa4 Rxc2 41. Qxe6 Rb2 42. a5 b3 1-0

[Event "2nd League CS-East 2009"]
[Site "Golubac"]
[Date "2009.10.10"]
[Round "10.3"]
[White "Zivkovic, Nemanja"]
[Black "Trifunovic, Miroljub"]
[Result "1-0"]
[WhiteElo "2109"]
[BlackElo "2295"]
[PlyCount "72"]
[EventDate "2009.09.06"]

1. e4 e5 2. Nf3 Nc6 3. Bb5 a6 4. Ba4 Nf6 5. O-O b5 6. Bb3 Bc5 7. d3 d6 8. c3 h6
9. h3 Bb7 10. Re1 O-O 11. Nbd2 Bb6 12. Nf1 Re8 13. Ng3 Na5 14. Bc2 c5 15. Nf5
d5 16. Qe2 c4 17. dxc4 dxe4 18. Nd2 Nxc4 19. Nxc4 bxc4 20. Qxc4 Bd5 21. Qa4 Qc7
22. Ng3 Qa7 23. Be3 Rec8 24. Rad1 Rab8 25. Bb3 Bc6 26. Qa3 a5 27. Nf5 Rc7 28.
Qd6 Bxe3 29. Rxe3 Kh7 30. Nxg7 Ne8 31. Nxe8 Bxe8 32. Qxe5 Qc5 33. Qxe4+ f5 34.
Qe6 Rg7 35. Re5 Qc6 36. Qxf5+ Bg6 1-0

[Event "2nd League CS-East 2009"]
[Site "Golubac"]
[Date "2009.10.10"]
[Round "10.3"]
[White "Zafirovski, Mite"]
[Black "Trickovic, Vladimir"]
[Result "1/2-1/2"]
[WhiteElo "2257"]
[BlackElo "2065"]
[PlyCount "52"]
[EventDate "2009.09.06"]

1. d4 Nf6 2. c4 c5 3. d5 e6 4. Nc3 exd5 5. cxd5 d6 6. Nf3 g6 7. g3 Bg7 8. Bg2
O-O 9. O-O a6 10. a4 Qc7 11. Bf4 Nh5 12. Bg5 h6 13. Bd2 Re8 14. a5 Nd7 15. Na4
Nhf6 16. Bc3 Ne4 17. Bxg7 Kxg7 18. Nd2 Nxd2 19. Qxd2 Rb8 20. b3 b5 21. axb6
Nxb6 22. Nb2 Nd7 23. Ra3 Rb4 24. Nd3 Rb6 25. Nb2 Rb4 26. Nd3 Rb6 1/2-1/2

[Event "2nd League CS-East 2009"]
[Site "Golubac"]
[Date "2009.10.10"]
[Round "10.3"]
[White "Lukic, Igor M"]
[Black "Turudic, Nenad"]
[Result "1/2-1/2"]
[WhiteElo "2150"]
[BlackElo "2215"]
[PlyCount "64"]
[EventDate "2009.09.06"]

1. d4 Nf6 2. Nf3 e6 3. e3 c5 4. Bd3 d5 5. dxc5 Bxc5 6. O-O Nc6 7. c4 O-O 8. Nc3
a6 9. Qe2 dxc4 10. Bxc4 b5 11. Bd3 Bb7 12. Rd1 Qc7 13. a3 Ne5 14. Nxe5 Qxe5 15.
e4 Rfd8 16. Be3 Bxe3 17. Qxe3 Ng4 18. Qg3 Qxg3 19. hxg3 Ne5 20. Be2 Nc6 21.
Rxd8+ Rxd8 22. Rd1 Nd4 23. Kf1 e5 24. Bd3 Kf8 25. f3 Ke7 26. Kf2 f6 27. Ke3 h6
28. Rd2 Nb3 29. Rd1 Rd7 30. Bc2 Nd4 31. Bd3 Rc7 32. Rd2 Rd7 1/2-1/2

[Event "2nd League CS-East 2009"]
[Site "Golubac"]
[Date "2009.10.10"]
[Round "10.3"]
[White "Maksimovic, Boban"]
[Black "Stojkovic, Zoran"]
[Result "1-0"]
[WhiteElo "2204"]
[BlackElo "2083"]
[PlyCount "101"]
[EventDate "2009.09.06"]

1. c4 d6 2. d4 Nd7 3. g3 e5 4. Bg2 c6 5. e4 Ngf6 6. Ne2 Qc7 7. O-O h5 8. h3 h4
9. g4 Nb6 10. Qd3 Nxg4 11. hxg4 Bxg4 12. Bh3 Bxh3 13. Qxh3 Nxc4 14. b3 Nb6 15.
Be3 Qd7 16. Kh2 Qxh3+ 17. Kxh3 Nd7 18. f4 f6 19. f5 O-O-O 20. Nbc3 Be7 21. d5
Kb8 22. Rg1 Rdg8 23. Rg4 Nf8 24. Rag1 Rh7 25. R1g2 g5 26. fxg6 Rh5 27. Rf2 Rxg6
28. Rxg6 Nxg6 29. Rg2 Nf8 30. Rg7 Rh7 31. Rxh7 Nxh7 32. Ng1 f5 33. exf5 Nf6 34.
dxc6 bxc6 35. Bg5 d5 36. Nf3 e4 37. Nxh4 Kc7 38. Ng6 Bd8 39. Na4 Kd6 40. Bf4+
Kd7 41. Nc5+ Ke8 42. Bg5 Nd7 43. Bxd8 Nxc5 44. Bg5 d4 45. Kg3 Kd7 46. Kf4 e3
47. Kf3 Nd3 48. Bf6 c5 49. Ne5+ Nxe5+ 50. Bxe5 a5 51. a4 1-0

[Event "2nd League CS-East 2009"]
[Site "Golubac"]
[Date "2009.10.10"]
[Round "10.4"]
[White "Dimitrijevic, Srdjan"]
[Black "Pavlovic, Dean"]
[Result "1/2-1/2"]
[WhiteElo "2290"]
[BlackElo "2297"]
[PlyCount "21"]
[EventDate "2009.09.06"]

1. e4 e5 2. Nf3 Nc6 3. d4 exd4 4. Nxd4 Nf6 5. Nc3 d6 6. Be2 Be7 7. O-O O-O 8.
Be3 Re8 9. h3 Bf8 10. Bd3 g6 11. Qd2 1/2-1/2

[Event "2nd League CS-East 2009"]
[Site "Golubac"]
[Date "2009.10.10"]
[Round "10.4"]
[White "Panic, Milan"]
[Black "Stankovic, Ivan G"]
[Result "1/2-1/2"]
[WhiteElo "2225"]
[BlackElo "2121"]
[PlyCount "21"]
[EventDate "2009.09.06"]

1. e4 c5 2. Nf3 Nc6 3. d4 cxd4 4. Nxd4 g6 5. c4 Bg7 6. Be3 Nf6 7. Nc3 O-O 8.
Be2 d6 9. O-O Nxd4 10. Bxd4 Qa5 11. Rc1 1/2-1/2

[Event "2nd League CS-East 2009"]
[Site "Golubac"]
[Date "2009.10.10"]
[Round "10.5"]
[White "Colic, Ninoslav"]
[Black "Nikolic, Zoran S"]
[Result "1/2-1/2"]
[WhiteElo "2273"]
[BlackElo "2254"]
[PlyCount "25"]
[EventDate "2009.09.06"]

1. d4 Nf6 2. Nf3 b6 3. g3 Bb7 4. Bg2 g6 5. O-O Bg7 6. Nbd2 c5 7. c3 O-O 8. Re1
cxd4 9. cxd4 d5 10. e3 Nc6 11. a3 Rc8 12. b4 e6 13. Bb2 1/2-1/2

[Event "2nd League CS-East 2009"]
[Site "Golubac"]
[Date "2009.10.10"]
[Round "10.5"]
[White "Batanjac, Aleksandar"]
[Black "Stojanovic, Sreten"]
[Result "1-0"]
[WhiteElo "2147"]
[BlackElo "2172"]
[PlyCount "126"]
[EventDate "2009.09.06"]

1. e4 d5 2. exd5 Qxd5 3. Nf3 Nf6 4. d4 Bg4 5. Be2 e6 6. O-O Bd6 7. Nc3 Qa5 8.
Nb5 a6 9. Nxd6+ cxd6 10. Bf4 Qb6 11. c4 Nbd7 12. Qd3 O-O 13. h3 Bf5 14. Qa3 e5
15. Be3 Qc7 16. Nh4 Be4 17. d5 h6 18. Rac1 b6 19. f3 Bh7 20. Bd3 Bxd3 21. Qxd3
Nc5 22. Qd2 Kh7 23. b4 Ncd7 24. g4 Ng8 25. Nf5 Ndf6 26. Ng3 Rfb8 27. h4 Qd7 28.
Qd3+ e4 29. Nxe4 Nxe4 30. Qxe4+ f5 31. Qc2 Kh8 32. Qg2 Qe7 33. Bf2 fxg4 34.
Qxg4 Qf6 35. Bg3 Rf8 36. Rc2 Qf5 37. Qxf5 Rxf5 38. Kg2 Nf6 39. Rd1 b5 40. Rd3
bxc4 41. Rxc4 Re8 42. Bxd6 Re2+ 43. Kh3 Rxa2 44. Bg3 Rxd5 45. Rxd5 Nxd5 46. Rd4
Nf6 47. Be5 Ra3 48. Kg3 Kh7 49. Bxf6 gxf6 50. h5 a5 51. Rd7+ Kg8 52. b5 Rb3 53.
Rb7 a4 54. Kg4 a3 55. f4 a2 56. Ra7 Rb2 57. Kf5 Rxb5+ 58. Kg6 Kf8 59. Rxa2 f5
60. Kxh6 Kf7 61. Kg5 Rb1 62. Ra5 Kg7 63. Ra7+ Kg8 1-0

[Event "2nd League CS-East 2009"]
[Site "Golubac"]
[Date "2009.10.10"]
[Round "10.5"]
[White "Tosic, Branislav"]
[Black "Marinkovic, Vojkan"]
[Result "1/2-1/2"]
[WhiteElo "2192"]
[BlackElo "2041"]
[PlyCount "88"]
[EventDate "2009.09.06"]

1. c4 e6 2. Nc3 b6 3. e4 Bb7 4. Qe2 Nc6 5. Nf3 Bc5 6. g3 a6 7. Bg2 Nd4 8. Nxd4
Bxd4 9. O-O Ne7 10. d3 O-O 11. Be3 c5 12. Bxd4 cxd4 13. Nb1 e5 14. Nd2 d6 15.
f4 Bc8 16. f5 f6 17. g4 Bd7 18. h4 Nc6 19. Nf3 Rb8 20. g5 Be8 21. gxf6 Qxf6 22.
Ng5 Bf7 23. a3 h6 24. Qg4 b5 25. cxb5 Rxb5 26. b4 a5 27. Rac1 Rc8 28. Rf3 axb4
29. axb4 Rxb4 30. Rg3 Rb7 31. Rf1 Nd8 32. Bh3 Be8 33. Ne6 Ra8 34. Rf2 Nc6 35.
Rfg2 Raa7 36. Kh2 Nb4 37. Qd1 Na6 38. Qc2 Nc5 39. Nxc5 dxc5 40. Qxc5 Re7 41.
Rxg7+ Rxg7 42. Qxa7 Rxg2+ 43. Kxg2 Qxh4 44. Qb8 Qg5+ 1/2-1/2

[Event "2nd League CS-East 2009"]
[Site "Golubac"]
[Date "2009.10.10"]
[Round "10.6"]
[White "Biljanic, Ljubomir"]
[Black "Radosavljevic, Slobodan D"]
[Result "1-0"]
[WhiteElo "2312"]
[BlackElo "2248"]
[PlyCount "60"]
[EventDate "2009.09.06"]

1. d4 c5 2. d5 Nf6 3. Nc3 g6 4. e4 d6 5. Bb5+ Bd7 6. a4 Bg7 7. Nf3 O-O 8. h3
Na6 9. O-O Nc7 10. Bxd7 Qxd7 11. Qd3 e5 12. Ra3 Nh5 13. Rb3 b6 14. Nb5 Ne8 15.
Qe2 Rb8 16. c4 a6 17. Nc3 Nc7 18. Kh2 Rb7 19. g3 Rfb8 20. Rd1 Nf6 21. Ne1 Nfe8
22. Ng2 b5 23. axb5 axb5 24. cxb5 Nxb5 25. Nxb5 Nc7 26. Ne3 Nxb5 27. Kg2 f5 28.
exf5 gxf5 29. Qh5 Nd4 30. Rxb7 Rxb7 1-0

[Event "2nd League CS-East 2009"]
[Site "Golubac"]
[Date "2009.10.10"]
[Round "10.6"]
[White "Cvetanovic, Uros"]
[Black "Pantic, Milivoje"]
[Result "1-0"]
[WhiteElo "2164"]
[BlackElo "2170"]
[PlyCount "118"]
[EventDate "2009.09.06"]

1. Nc3 e5 2. Nf3 Nc6 3. d4 exd4 4. Nxd4 Nf6 5. Bg5 Bb4 6. Nxc6 bxc6 7. Qd4 Be7
8. e4 O-O 9. Bd3 c5 10. Qc4 Re8 11. O-O h6 12. Bh4 Rb8 13. a3 d6 14. Rab1 Rb6
15. e5 dxe5 16. Bxf6 Rxf6 17. Qe4 g6 18. Qxe5 Bf8 19. Qg3 Bb7 20. Rfe1 Rfe6 21.
Rxe6 Rxe6 22. Bc4 Rb6 23. Rd1 Qg5 24. Qxg5 hxg5 25. b3 Rd6 26. Re1 Bc6 27. Bd3
Rd8 28. Re5 c4 29. Bxc4 Bxa3 30. Rxg5 Kg7 31. Bd5 Bd7 32. Rg3 Bf5 33. Rf3 Bb4
34. Bc4 Bxc2 35. Rxf7+ Kh6 36. Nd5 c6 37. Ne3 Bc5 38. Rf3 Be4 39. Rf4 Bd3 40.
Nf1 Bxc4 41. Rxc4 Bb6 42. Rxc6 Rd1 43. Rc3 Rb1 44. Rf3 g5 45. h3 Kg6 46. g3 g4
47. hxg4 Kg5 48. Kg2 Kxg4 49. Rf4+ Kg5 50. Nd2 Rb2 51. Nf3+ Kh6 52. Nd4 Bxd4
53. Rxd4 Rxb3 54. Ra4 Rb7 55. Ra5 Kg6 56. f4 Kf6 57. Kf3 Ke6 58. g4 Kd6 59. g5
Kc6 1-0

[Event "2nd League CS-East 2009"]
[Site "Golubac"]
[Date "2009.10.10"]
[Round "10.6"]
[White "Djukic, Stevan"]
[Black "Popovic, Djordje D"]
[Result "0-1"]
[WhiteElo "2199"]
[BlackElo "2308"]
[PlyCount "65"]
[EventDate "2009.09.06"]

1. d4 Nf6 2. c4 e6 3. Nc3 Bb4 4. Bg5 h6 5. Bh4 c5 6. d5 d6 7. f3 Bxc3+ 8. bxc3
e5 9. e4 Nbd7 10. Qd2 Nf8 11. Bf2 Ng6 12. h4 h5 13. g3 Qa5 14. a4 Bd7 15. Qb2
O-O 16. Bd3 Rab8 17. Ne2 Nh7 18. Qc2 Ne7 19. f4 f5 20. fxe5 dxe5 21. Be3 fxe4
22. Bxe4 Nf6 23. O-O Nxe4 24. Qxe4 Nf5 25. Bg5 Rbe8 26. Rf2 Nd6 27. Qg6 Rxf2
28. Kxf2 Qb6 29. Kg2 Nxc4 30. Qxh5 Rf8 31. Rf1 Bh3+ 32. Kxh3 Rxf1 33. Nf4 0-1

[Event "2nd League CS-East 2009"]
[Site "Golubac"]
[Date "2009.10.10"]
[Round "10.6"]
[White "Illijin, Neboisa"]
[Black "Radosavljevic, Novica"]
[Result "1-0"]
[WhiteElo "2228"]
[BlackElo "2119"]
[PlyCount "97"]
[EventDate "2009.09.06"]

1. Nf3 d6 2. d4 Nf6 3. g3 g6 4. Bg2 Bg7 5. O-O O-O 6. c4 c6 7. Nc3 Nbd7 8. e4
e5 9. h3 a6 10. Be3 Re8 11. Qc2 b5 12. Rad1 Qa5 13. dxe5 dxe5 14. Nd2 Bf8 15.
a3 b4 16. Nb3 Qc7 17. axb4 Bxb4 18. Na4 Nf8 19. Nb6 Rb8 20. Nxc8 Qxc8 21. c5
Ne6 22. Rd6 Rd8 23. Rfd1 Ne8 24. Rxd8 Nxd8 25. Bf1 a5 26. Kg2 Ne6 27. Nc1 Qc7
28. Nd3 Nf6 29. f3 Qe7 30. Nxe5 Qc7 31. Ng4 Nh5 32. f4 g5 33. e5 gxf4 34. gxf4
Nhxf4+ 35. Kf3 Ng6 36. Rd6 Qe7 37. Nf6+ Kh8 38. Kf2 Nef8 39. Qf5 Nxe5 40. Bd4
Nfg6 41. Ng4 Qh4+ 42. Kg2 Rg8 43. Bxe5+ Nxe5 44. Qxe5+ Rg7 45. Rxc6 Qd8 46. Qd6
Qe8 47. Bd3 f5 48. Bxf5 Qe2+ 49. Kg1 1-0

[Event "2nd League CS-East 2009"]
[Site "Golubac"]
[Date "2009.10.10"]
[Round "10.6"]
[White "Petrovic, Dragoslav"]
[Black "Bradic, Rade"]
[Result "0-1"]
[WhiteElo "2044"]
[BlackElo "1942"]
[PlyCount "145"]
[EventDate "2009.09.06"]

1. d4 Nf6 2. c4 e6 3. Nc3 d5 4. Bg5 Nbd7 5. e3 Be7 6. cxd5 exd5 7. Bd3 O-O 8.
Nge2 c6 9. O-O Ne8 10. Bxe7 Qxe7 11. Qb1 Ndf6 12. b4 a6 13. a4 Nd6 14. b5 axb5
15. axb5 Rxa1 16. Qxa1 g6 17. bxc6 bxc6 18. Na4 Nfe4 19. Bxe4 Nxe4 20. Ng3 Nf6
21. Rc1 h5 22. h3 h4 23. Ne2 Ba6 24. Qb2 Bc4 25. Nc5 Ra8 26. Nc3 Qa7 27. Rb1 g5
28. Qb6 Qxb6 29. Rxb6 g4 30. Kh2 Ra3 31. N5a4 Kg7 32. Rxc6 Ra1 33. Nb6 gxh3 34.
Rxf6 hxg2 35. Kxg2 Kxf6 36. Ncxd5+ Bxd5+ 37. Nxd5+ Kf5 38. Nf4 Ke4 39. Nh3 f6
40. Nf4 Ra2 41. Nh3 Ra8 42. Kf1 Kf3 43. Ng1+ Kg4 44. Kg2 Ra2 45. Nh3 Rb2 46.
Nf4 Kf5 47. Kf3 Rb3 48. Nh3 Rb8 49. Nf4 Rg8 50. e4+ Kg5 51. d5 Rh8 52. Nh3+ Kg6
53. Kf4 Kf7 54. Kg4 Ke7 55. Nf4 Kd6 56. f3 Rh6 57. Nh3 Ke5 58. Nf2 Rg6+ 59.
Kxh4 Kf4 60. Kh5 Rg5+ 61. Kh6 Kxf3 62. Nd3 Kxe4 63. Nb4 Ke5 64. Nc6+ Kxd5 65.
Ne7+ Ke6 66. Nc6 Rg1 67. Kh5 f5 68. Kh4 f4 69. Kh3 Rg8 70. Kh2 Rg7 71. Nd4+ Ke5
72. Nc6+ Kd5 73. Nb4+ 0-1